[Event "Titled Tuesday intern op 12th Mar Early"]
[Site "Chess.com INT"]
[Date "2024.03.12"]
[Round "11"]
[White "Padmini, Rout"]
[Black "Budrewicz, Krzysztof"]
[Result "0-1"]
[WhiteElo "2353"]
[BlackElo "2184"]
[PlyCount "94"]
[EventDate "2024.03.12"]
[EventType "swiss (blitz)"]
[EventRounds "11"]
[EventCountry "USA"]
[SourceTitle "CB12_2024"]
[SourceDate "2023.10.01"]
[SourceVersion "1"]
[SourceVersionDate "2023.10.01"]
[SourceQuality "1"]

1. b3 Nf6 2. Bb2 g6 3. e4 Bg7 4. e5 Nd5 5. c4 Nb6 6. d4 d6 7. f4 dxe5 8. fxe5 0-0 9. Nf3 c5 10. d5 Bg4 11. h3 Bxf3 12. Qxf3 N8d7 13. Qe2 Qc7 14. Nc3 Qxe5 15. Qxe5 Nxe5 16. Be2 Nc8 17. 0-0-0 Nd6 18. g4 a6 19. Na4 Rac8 20. Nb6 Rc7 21. h4 Ne4 22. Rh2 Ng3 23. g5 Rd8 24. a4 Nxe2+ 25. Rxe2 Nf3 26. Bxg7 Kxg7 27. Rh1 a5 28. d6 Rxd6 29. Nd5 Rxd5 30. cxd5 Nd4 31. Re3 Rd7 32. Kb2 Kf8 33. h5 Rxd5 34. hxg6 hxg6 35. Rh8+ Kg7 36. Reh3 Rxg5 37. R3h7+ Kf6 38. Rf8 Rg2+ 39. Kb1 Nf5 40. Rhxf7+ Ke6 41. Rh7 g5 42. Rg8 g4 43. Rh1 g3 44. Re1+ Kf7 45. Rb8 Rf2 46. Rd8 g2 47. Rdd1 Ng3 0-1

[Event "Titled Tuesday intern op 19th Sep Early"]
[Site "Chess.com INT"]
[Date "2023.09.19"]
[Round "7"]
[White "Budrewicz, Krzysztof"]
[Black "Korol, Dimitry"]
[Result "1-0"]
[WhiteElo "2184"]
[BlackElo "2287"]
[PlyCount "91"]
[EventDate "2023.09.19"]
[EventType "swiss (blitz)"]
[EventRounds "11"]
[EventCountry "USA"]
[SourceTitle "EXT 2024"]
[Source "ChessBase"]
[SourceDate "2023.10.10"]
[SourceVersion "1"]
[SourceVersionDate "2023.10.10"]
[SourceQuality "1"]

1. d4 Nf6 2. c4 c5 3. d5 b5 4. Nf3 bxc4 5. Nc3 g6 6. e4 d6 7. Bxc4 Bg7 8. 0-0 0-0 9. Re1 Nbd7 10. h3 Nb6 11. Bb5 e6 12. Bc6 Rb8 13. dxe6 Bxe6 14. Bf4 Rc8 15. Bb5 d5 16. exd5 Nfxd5 17. Nxd5 Nxd5 18. Be5 Bxe5 19. Nxe5 Qf6 20. b3 Rfd8 21. Qf3 Nf4 22. Rac1 Bd5 23. Ng4 Qg5 24. Qg3 h5 25. Ne3 Qf6 26. Nxd5 Rxd5 27. Bc4 Rg5 28. Qf3 Rxg2+ 29. Qxg2 Nxg2 30. Kxg2 Kg7 31. Re3 Rc7 32. Rce1 Qg5+ 33. Rg3 Qf6 34. Ree3 h4 35. Rg4 Qb2 36. a4 a5 37. Rxh4 Qd2 38. Rg4 Rd7 39. Rf3 Qd1 40. h4 Qd2 41. h5 Qh6 42. hxg6 fxg6 43. Rfg3 Rd6 44. Bd3 Qh5 45. Bxg6 Rxg6 46. Rxg6+ 1-0

[Event "Titled Tuesday intern op 19th Sep Early"]
[Site "Chess.com INT"]
[Date "2023.09.19"]
[Round "2"]
[White "Fernandez Guillen, Ernesto J"]
[Black "Budrewicz, Krzysztof"]
[Result "0-1"]
[WhiteElo "2469"]
[BlackElo "2184"]
[PlyCount "72"]
[EventDate "2023.09.19"]
[EventType "swiss (blitz)"]
[EventRounds "11"]
[EventCountry "USA"]
[SourceTitle "EXT 2024"]
[Source "ChessBase"]
[SourceDate "2023.10.10"]
[SourceVersion "1"]
[SourceVersionDate "2023.10.10"]
[SourceQuality "1"]

1. e4 g6 2. d4 Bg7 3. Nc3 d6 4. Be3 a6 5. f3 b5 6. Qd2 Nd7 7. 0-0-0 Bb7 8. Kb1 c5 9. h4 h5 10. Nh3 Ngf6 11. Ng5 Rc8 12. e5 dxe5 13. dxe5 Nxe5 14. Qxd8+ Rxd8 15. Rxd8+ Kxd8 16. f4 Neg4 17. Nxf7+ Ke8 18. Nxh8 Nxe3 19. Nxg6 b4 20. Na4 Ne4 21. Bd3 c4 22. Bxe4 Bxe4 23. Re1 Bd4 24. Nxe7 Kxe7 25. Kc1 Bc6 26. c3 Ba7 27. b3 Bxa4 28. bxa4 bxc3 29. g4 hxg4 30. h5 Kf6 31. Rh1 Kg7 32. h6+ Kh7 33. Rh5 g3 34. Rg5 g2 35. a5 Kxh6 36. a3 Bc5 0-1

[Event "Katowice POL-HUN 10th"]
[Site "Katowice"]
[Date "2023.09.09"]
[Round "5"]
[White "Budrewicz, Krzysztof"]
[Black "Kucharski, Bartlomiej"]
[Result "0-1"]
[WhiteElo "2184"]
[BlackElo "1983"]
[PlyCount "78"]
[EventDate "2023.09.09"]
[EventType "swiss (rapid)"]
[EventRounds "9"]
[EventCountry "POL"]
[SourceTitle "EXT 2024"]
[Source "ChessBase"]
[SourceDate "2023.10.10"]
[SourceVersion "1"]
[SourceVersionDate "2023.10.10"]
[SourceQuality "1"]

1. d4 d6 2. c4 e5 3. Nf3 Nd7 4. Nc3 g6 5. g3 Bg7 6. Bg2 Ne7 7. 0-0 0-0 8. e4 c6 9. h3 Qc7 10. Rb1 h6 11. Re1 Kh7 12. b4 f5 13. dxe5 Nxe5 14. Nxe5 Bxe5 15. Qd3 Be6 16. f4 Bg7 17. Be3 Rad8 18. Bd4 Nc8 19. Rbc1 Rfe8 20. b5 Qf7 21. Na4 fxe4 22. Bxe4 Bxd4+ 23. Qxd4 d5 24. cxd5 Bxd5 25. Bxd5 Rxd5 26. Qf2 Rxb5 27. Nc3 Ra5 28. Rxe8 Qxe8 29. Re1 Qd8 30. Rd1 Qe7 31. Qd4 Nb6 32. Kf1 Nd5 33. Re1 Qa3 34. Nxd5 Qf3+ 35. Qf2 Qxd5 36. Re7+ Kg8 37. Rxb7 Rxa2 38. Rb8+ Kf7 39. Rb7+ Kf6 0-1

[Event "Katowice POL-HUN 10th"]
[Site "Katowice"]
[Date "2023.09.09"]
[Round "3"]
[White "Budrewicz, Krzysztof"]
[Black "Navara, David"]
[Result "0-1"]
[WhiteElo "2184"]
[BlackElo "2688"]
[PlyCount "52"]
[EventDate "2023.09.09"]
[EventType "swiss (rapid)"]
[EventRounds "9"]
[EventCountry "POL"]
[SourceTitle "EXT 2024"]
[Source "ChessBase"]
[SourceDate "2023.10.10"]
[SourceVersion "1"]
[SourceVersionDate "2023.10.10"]
[SourceQuality "1"]

1. d4 Nf6 2. c4 e6 3. Nf3 b6 4. g3 Ba6 5. Qc2 c5 6. Bg2 Nc6 7. dxc5 bxc5 8. 0-0 Be7 9. Bf4 0-0 10. Rd1 Rc8 11. b3 d5 12. Nc3 d4 13. e3 Nh5 14. exd4 Nxf4 15. gxf4 Nxd4 16. Nxd4 cxd4 17. f5 Bxc4 18. bxc4 Rxc4 19. fxe6 fxe6 20. Qe4 Rxc3 21. Rxd4 Qc8 22. Rad1 Bc5 23. R4d2 Bb6 24. Bf1 Rcf3 25. Bc4 R8f6 26. Kh1 R3f4 0-1

[Event "Titled Tuesday intern op 05th Sep Early"]
[Site "Chess.com INT"]
[Date "2023.09.05"]
[Round "6"]
[White "Budrewicz, Krzysztof"]
[Black "Ezat, Mohamed Mahmoud"]
[Result "1-0"]
[WhiteElo "2184"]
[BlackElo "2382"]
[PlyCount "65"]
[EventDate "2023.09.05"]
[EventType "swiss (blitz)"]
[EventRounds "11"]
[EventCountry "USA"]
[SourceTitle "EXT 2024"]
[Source "ChessBase"]
[SourceDate "2023.10.10"]
[SourceVersion "1"]
[SourceVersionDate "2023.10.10"]
[SourceQuality "1"]

1. d4 Nf6 2. c4 g6 3. Nc3 Bg7 4. e4 d6 5. Be2 0-0 6. Be3 e5 7. d5 Na6 8. Qc2 Nc5 9. b4 Ncd7 10. Rb1 a5 11. a3 Ne8 12. Nf3 f5 13. Ng5 Ndf6 14. f3 f4 15. Bf2 Nxd5 16. cxd5 Qxg5 17. Kf1 axb4 18. axb4 Qe7 19. g4 fxg3 20. hxg3 Bd7 21. Kg2 h5 22. Nb5 Bf6 23. Ra1 Rxa1 24. Rxa1 h4 25. g4 Bg5 26. Ra7 h3+ 27. Kh1 Bxb5 28. Bxb5 Rxf3 29. Rxb7 Qf7 30. Bg1 Be3 31. Bxe8 Qf4 32. Qxc7 Rf1 33. Qg7# 1-0

[Event "Titled Tuesday intern op 22nd Aug Early"]
[Site "Chess.com INT"]
[Date "2023.08.22"]
[Round "6"]
[White "Budrewicz, Krzysztof"]
[Black "Buchenau, Frank"]
[Result "1-0"]
[WhiteElo "2184"]
[BlackElo "2222"]
[PlyCount "59"]
[EventDate "2023.08.22"]
[EventType "swiss (blitz)"]
[EventRounds "11"]
[EventCountry "USA"]
[SourceTitle "EXT 2024"]
[Source "ChessBase"]
[SourceDate "2023.10.10"]
[SourceVersion "1"]
[SourceVersionDate "2023.10.10"]
[SourceQuality "1"]

1. d4 e6 2. c4 Nf6 3. Nf3 b6 4. g3 Bb7 5. Bg2 Be7 6. 0-0 0-0 7. d5 exd5 8. Nh4 c6 9. cxd5 Nxd5 10. Nf5 Bf6 11. e4 Nc7 12. Nd6 Ba6 13. Re1 Ne8 14. Bf4 Bxb2 15. Nd2 Bxa1 16. Qxa1 c5 17. Nf5 Nc6 18. Nf3 Qf6 19. Qd1 Nd4 20. N3xd4 cxd4 21. Nxd4 d6 22. h4 Nc7 23. Nf5 Ne6 24. Bxd6 Rfd8 25. Qb1 Rxd6 26. Nxd6 Nd4 27. e5 Nf3+ 28. Kh1 Qe6 29. Bxf3 Rd8 30. Kg2 1-0

[Event "Titled Tuesday intern op 22nd Aug Early"]
[Site "Chess.com INT"]
[Date "2023.08.22"]
[Round "2"]
[White "Budrewicz, Krzysztof"]
[Black "Ngo, Duc Tri"]
[Result "1/2-1/2"]
[WhiteElo "2184"]
[BlackElo "2319"]
[PlyCount "181"]
[EventDate "2023.08.22"]
[EventType "swiss (blitz)"]
[EventRounds "11"]
[EventCountry "USA"]
[SourceTitle "EXT 2024"]
[Source "ChessBase"]
[SourceDate "2023.10.10"]
[SourceVersion "1"]
[SourceVersionDate "2023.10.10"]
[SourceQuality "1"]

1. d4 d5 2. c4 e6 3. Nc3 Nf6 4. Nf3 a6 5. e3 Nbd7 6. b3 Be7 7. Bb2 0-0 8. Be2 b6 9. cxd5 exd5 10. 0-0 Bb7 11. Rc1 Rc8 12. Ne5 Nxe5 13. dxe5 Ne8 14. f4 Bc5 15. Qd3 f6 16. Bf3 fxe5 17. Bxd5+ Bxd5 18. Qxd5+ Qxd5 19. Nxd5 Rd8 20. Rfd1 Rxd5 21. Rxd5 Bxe3+ 22. Kf1 Bxc1 23. Bxc1 exf4 24. Kf2 Nf6 25. Rd4 g5 26. Kf3 Kg7 27. h4 h6 28. hxg5 hxg5 29. Rc4 Nd5 30. Rc6 Re8 31. Bb2+ Kf7 32. Bd4 Re1 33. g3 Rf1+ 34. Kg2 Rd1 35. Be5 Ne3+ 36. Kf3 fxg3 37. Rxc7+ Ke6 38. Bxg3 Nf5 39. Bf2 Rd3+ 40. Ke2 Rd6 41. Ra7 b5 42. a4 g4 43. axb5 axb5 44. Rb7 g3 45. Ba7 Rd7 46. Rxd7 Kxd7 47. Kf3 Ke6 48. Kf4 g2 49. Kf3 Kd5 50. Kxg2 Nd4 51. b4 Nc2 52. Bc5 Kc4 53. Kf3 Nxb4 54. Bf8 Nc6 55. Ke2 Kc3 56. Kd1 Kb2 57. Bg7+ Kb3 58. Kc1 Nb4 59. Kb1 Nd5 60. Bh8 Ne3 61. Bg7 Nd5 62. Bh8 Nc3+ 63. Kc1 Kc4 64. Kc2 Nd5 65. Bg7 b4 66. Bh8 b3+ 67. Kb2 Nb6 68. Bg7 Na4+ 69. Ka3 Nc5 70. Kb2 Nd3+ 71. Ka3 Nf4 72. Kb2 Ne6 73. Bf6 Nf4 74. Bg7 Nd5 75. Bh8 Kb4 76. Bg7 Ka4 77. Bf8 Ne3 78. Kc3 Nd1+ 79. Kd2 Nb2 80. Bg7 Nc4+ 81. Kc1 Ka3 82. Bc3 Ka2 83. Kd1 Kb1 84. Bd4 Nb2+ 85. Kd2 Na4 86. Kd1 Nb2+ 87. Kd2 Na4 88. Kd1 Ka2 89. Kc1 Ka3 90. Kb1 b2 91. Bxb2+ 1/2-1/2

[Event "Titled Tuesday intern op 22nd Aug Early"]
[Site "Chess.com INT"]
[Date "2023.08.22"]
[Round "9"]
[White "Budrewicz, Krzysztof"]
[Black "Nigalidze, Gaioz"]
[Result "0-1"]
[WhiteElo "2184"]
[BlackElo "2421"]
[PlyCount "126"]
[EventDate "2023.08.22"]
[EventType "swiss (blitz)"]
[EventRounds "11"]
[EventCountry "USA"]
[SourceTitle "EXT 2024"]
[Source "ChessBase"]
[SourceDate "2023.10.10"]
[SourceVersion "1"]
[SourceVersionDate "2023.10.10"]
[SourceQuality "1"]

1. d4 Nf6 2. c4 c5 3. d5 b5 4. Nf3 b4 5. a3 Qb6 6. e3 g6 7. Be2 Bg7 8. 0-0 0-0 9. axb4 Qxb4 10. Nc3 Qb6 11. e4 d6 12. e5 dxe5 13. Nxe5 Bb7 14. Nd3 Nbd7 15. Be3 Rfc8 16. Ra3 Qc7 17. Bf4 Qd8 18. Re1 Nb6 19. b3 a6 20. Bf3 Nfd7 21. Ne4 Ra7 22. Ra2 a5 23. Qc2 h6 24. h4 a4 25. bxa4 Ba6 26. Nd2 Nf6 27. g3 Nxc4 28. Nxc4 Nxd5 29. Rd1 Nc3 30. Ra3 Bxc4 31. Rxc3 Bxc3 32. Qxc3 Bxd3 33. Rxd3 Qa5 34. Qc1 Qxa4 35. Rd1 c4 36. Qc3 Qb3 37. Rc1 Qxc3 38. Rxc3 h5 39. Kf1 Ra1+ 40. Kg2 Ra2 41. Bd5 Ra4 42. Bc1 e6 43. Be4 Rb4 44. Bc2 Rb5 45. f4 Kh7 46. Kf3 Rbc5 47. Ke3 Rd5 48. Ra3 Rb5 49. Ra7 Kg8 50. Bd2 Rb2 51. Be4 c3 52. Bc1 Rh2 53. Ra3 c2 54. Ra2 f5 55. Bf3 e5 56. fxe5 Rc3+ 57. Kf4 Rf2 58. Be3 Rxf3+ 59. Kxf3 c1Q 60. Re2 Qh1+ 61. Kf4 Qe4+ 62. Kg5 Qg4+ 63. Kf6 Qxe2 0-1

[Event "Titled Tuesday intern op 15th Aug Late"]
[Site "Chess.com INT"]
[Date "2023.08.15"]
[Round "11"]
[White "Budrewicz, Krzysztof"]
[Black "Baghdasaryan, Vahe"]
[Result "1-0"]
[WhiteElo "2184"]
[BlackElo "2257"]
[PlyCount "117"]
[EventDate "2023.08.15"]
[EventType "swiss (blitz)"]
[EventRounds "11"]
[EventCountry "USA"]
[SourceTitle "EXT 2024"]
[Source "ChessBase"]
[SourceDate "2023.10.10"]
[SourceVersion "1"]
[SourceVersionDate "2023.10.10"]
[SourceQuality "1"]

1. d4 d5 2. c3 Nf6 3. g3 Bf5 4. Bg2 e6 5. Nf3 Be7 6. 0-0 h6 7. Bf4 0-0 8. Qb3 b6 9. Nbd2 Nbd7 10. a4 c5 11. a5 bxa5 12. Qa4 Qb6 13. Ra2 Bd8 14. Rfa1 a6 15. h3 Qb5 16. e3 Re8 17. Bf1 Qxa4 18. Rxa4 c4 19. g4 Bc2 20. R4a2 g5 21. Bg3 Ne4 22. Nxe4 Bxe4 23. Nd2 Bc2 24. Be2 Nf6 25. f3 a4 26. Bd1 Bxd1 27. Rxd1 a5 28. Rxa4 Re7 29. Rda1 Rb7 30. R1a2 Nd7 31. e4 Rb5 32. Bd6 Nb6 33. R4a3 Nc8 34. Bc5 dxe4 35. fxe4 Be7 36. Bxe7 Nxe7 37. Nxc4 f5 38. gxf5 exf5 39. Nd6 Rb6 40. e5 Rba6 41. c4 Nc6 42. Nb5 Nb4 43. Nc7 R8a7 44. Nxa6 Nxa2 45. Rxa2 Rxa6 46. Kf2 Kf7 47. Ke3 Ke6 48. b4 a4 49. b5 Ra5 50. b6 Kd7 51. d5 Ra6 52. c5 Ra5 53. Kd4 a3 54. e6+ Kc8 55. e7 Kd7 56. d6 f4 57. Kd5 Rb5 58. Rxa3 Rb4 59. Ra7+ 1-0

[Event "Titled Tuesday intern op 15th Aug Late"]
[Site "Chess.com INT"]
[Date "2023.08.15"]
[Round "6"]
[White "Budrewicz, Krzysztof"]
[Black "Mekhitarian, Krikor Sevag"]
[Result "0-1"]
[WhiteElo "2184"]
[BlackElo "2540"]
[PlyCount "28"]
[EventDate "2023.08.15"]
[EventType "swiss (blitz)"]
[EventRounds "11"]
[EventCountry "USA"]
[SourceTitle "EXT 2024"]
[Source "ChessBase"]
[SourceDate "2023.10.10"]
[SourceVersion "1"]
[SourceVersionDate "2023.10.10"]
[SourceQuality "1"]

1. d4 Nf6 2. c4 g6 3. Nc3 d5 4. Nf3 Bg7 5. h4 dxc4 6. Bg5 c5 7. d5 b5 8. Nxb5 Qa5+ 9. Nc3 Ne4 10. Qa4+ Qxa4 11. Nxa4 Bd7 12. 0-0-0 Bxa4 13. Be3 Nd7 14. Re1 Rb8 0-1

[Event "Titled Tuesday intern op 15th Aug Late"]
[Site "Chess.com INT"]
[Date "2023.08.15"]
[Round "4"]
[White "Budrewicz, Krzysztof"]
[Black "Mulawa, Cyprian"]
[Result "1/2-1/2"]
[WhiteElo "2184"]
[BlackElo "2186"]
[PlyCount "127"]
[EventDate "2023.08.15"]
[EventType "swiss (blitz)"]
[EventRounds "11"]
[EventCountry "USA"]
[SourceTitle "EXT 2024"]
[Source "ChessBase"]
[SourceDate "2023.10.10"]
[SourceVersion "1"]
[SourceVersionDate "2023.10.10"]
[SourceQuality "1"]

1. d4 d5 2. c4 c6 3. Nc3 Nf6 4. Nf3 a6 5. c5 b6 6. cxb6 Nbd7 7. Bf4 Qxb6 8. Na4 Qa7 9. Rc1 Bb7 10. e3 e6 11. a3 c5 12. dxc5 Nxc5 13. Nxc5 Bxc5 14. Qa4+ Ke7 15. Be2 Rhc8 16. 0-0 Kf8 17. Ne5 Kg8 18. g4 h6 19. h4 Ne4 20. Qd7 Rf8 21. b4 Bb6 22. Bd3 d4 23. Bxe4 Bxe4 24. Qxa7 Bxa7 25. exd4 Bxd4 26. Nd7 Rfd8 27. Nc5 Bf3 28. g5 hxg5 29. Bxg5 f6 30. Be3 e5 31. Ne6 Rd6 32. Nxd4 exd4 33. Bf4 Rd5 34. Rc5 Rad8 35. Kh2 d3 36. Kg3 d2 37. Kxf3 Rxc5 38. Bxd2 Rcd5 39. Be3 Rd3 40. Ra1 Rc8 41. Ke2 Rcc3 42. a4 Ra3 43. Rb1 Rdb3 44. Rxb3 Rxb3 45. Bc5 Ra3 46. a5 Rb3 47. Kd2 Kf7 48. Kc2 Rh3 49. b5 axb5 50. a6 Rxh4 51. a7 Rh8 52. Kb3 Ke6 53. Kb4 Kd7 54. Kxb5 Ra8 55. Kb6 f5 56. Kb7 Rxa7+ 57. Bxa7 g5 58. Kb6 f4 59. Bb8 Ke6 60. Kc6 Kf5 61. Kd5 g4 62. Kd4 g3 63. fxg3 fxg3 64. Bxg3 1/2-1/2

[Event "Titled Tuesday intern op 15th Aug Late"]
[Site "Chess.com INT"]
[Date "2023.08.15"]
[Round "9"]
[White "Budrewicz, Krzysztof"]
[Black "Styazhkina, Anna"]
[Result "1-0"]
[WhiteElo "2184"]
[BlackElo "2194"]
[PlyCount "155"]
[EventDate "2023.08.15"]
[EventType "swiss (blitz)"]
[EventRounds "11"]
[EventCountry "USA"]
[SourceTitle "EXT 2024"]
[Source "ChessBase"]
[SourceDate "2023.10.10"]
[SourceVersion "1"]
[SourceVersionDate "2023.10.10"]
[SourceQuality "1"]

1. d4 d5 2. c4 c6 3. Nc3 Nf6 4. Nf3 dxc4 5. a4 Bf5 6. e3 e6 7. Bxc4 Bb4 8. 0-0 0-0 9. Bd2 Nbd7 10. h3 Bg6 11. Qe2 Re8 12. Rfd1 Nb6 13. Bd3 Bh5 14. g4 Bg6 15. Bxg6 hxg6 16. Ne5 a5 17. Qf3 Bxc3 18. Bxc3 Qd5 19. Qf4 Qe4 20. Qg3 Nfd7 21. Nd3 g5 22. Qg2 Qg6 23. Qf3 Nd5 24. Be1 e5 25. dxe5 Nxe5 26. Nxe5 Rxe5 27. Rac1 Rae8 28. b3 f5 29. Rd4 Rf8 30. gxf5 Rexf5 31. Qg3 Nf6 32. Rcd1 Nh5 33. Qg4 Nf6 34. Qg2 Nd5 35. Rg4 Qh5 36. Rdd4 Nf6 37. Rg3 Re8 38. Rgg4 Rfe5 39. Rg3 Qe2 40. Qf1 Qa2 41. Qc4+ Kh7 42. Rd2 Qa1 43. Qc2+ Kg8 44. Rd1 Qa3 45. Bc3 Re4 46. Rxg5 Nd5 47. Rxg7+ Kf8 48. Bb2 Qb4 49. Rg3 Qe7 50. Rd4 Nf6 51. Rxe4 Nxe4 52. Rf3+ Kg8 53. Qc4+ Qe6 54. Qxe6+ Rxe6 55. Bd4 Rg6+ 56. Kh2 Nd2 57. Rf4 Nxb3 58. Bc3 Nc1 59. Bxa5 Ne2 60. Rg4 Kf7 61. Rxg6 Kxg6 62. Kg2 c5 63. Kf3 Ng1+ 64. Kg4 c4 65. f4 Ne2 66. f5+ Kf7 67. Kf3 Ng1+ 68. Ke4 Nxh3 69. Kd5 Nf2 70. Kxc4 Kf6 71. Kb5 Ne4 72. Kb6 Nd6 73. Kc7 Nc4 74. Bb6 Kxf5 75. Kxb7 Ke4 76. Bd4 Na5+ 77. Kb6 Nb3 78. a5 1-0

[Event "Titled Tuesday intern op 15th Aug Early"]
[Site "Chess.com INT"]
[Date "2023.08.15"]
[Round "4"]
[White "Burmakin, Evgeniy"]
[Black "Budrewicz, Krzysztof"]
[Result "1-0"]
[WhiteElo "2179"]
[BlackElo "2184"]
[PlyCount "75"]
[EventDate "2023.08.15"]
[EventType "swiss (blitz)"]
[EventRounds "11"]
[EventCountry "USA"]
[SourceTitle "EXT 2024"]
[Source "ChessBase"]
[SourceDate "2023.10.10"]
[SourceVersion "1"]
[SourceVersionDate "2023.10.10"]
[SourceQuality "1"]

1. e4 e5 2. Nf3 Nc6 3. Bb5 a6 4. Ba4 Nge7 5. c3 Ng6 6. d4 b5 7. Bb3 d6 8. 0-0 Be7 9. Re1 0-0 10. h3 h6 11. a4 Bb7 12. Nbd2 Na5 13. Bc2 c5 14. Nf1 c4 15. Be3 Re8 16. Ng3 Bf8 17. Nf5 Nc6 18. Qd2 Nce7 19. Nh2 Nxf5 20. exf5 Nh4 21. f3 Qf6 22. Ng4 Qd8 23. Qf2 h5 24. f6 Ng6 25. fxg7 Bxg7 26. Nh6+ Kf8 27. Qg3 h4 28. Qg4 Bc8 29. Qh5 exd4 30. Nxf7 Ne5 31. Nxd8 dxe3 32. f4 Rxd8 33. fxe5 Be6 34. Rxe3 dxe5 35. Rf1+ Ke7 36. Qg5+ Kd6 37. Qxg7 Rg8 38. Qxe5+ 1-0

[Event "Titled Tuesday intern op 15th Aug Late"]
[Site "Chess.com INT"]
[Date "2023.08.15"]
[Round "3"]
[White "Korol, Dimitry"]
[Black "Budrewicz, Krzysztof"]
[Result "0-1"]
[WhiteElo "2287"]
[BlackElo "2184"]
[PlyCount "84"]
[EventDate "2023.08.15"]
[EventType "swiss (blitz)"]
[EventRounds "11"]
[EventCountry "USA"]
[SourceTitle "EXT 2024"]
[Source "ChessBase"]
[SourceDate "2023.10.10"]
[SourceVersion "1"]
[SourceVersionDate "2023.10.10"]
[SourceQuality "1"]

1. d4 Nf6 2. c4 g6 3. Nc3 Bg7 4. e4 d6 5. Nf3 0-0 6. Be2 e5 7. dxe5 dxe5 8. Qxd8 Rxd8 9. Bg5 Rf8 10. 0-0-0 Nbd7 11. Ne1 c6 12. f3 h6 13. Be3 Re8 14. Nc2 Nf8 15. Rd2 Ne6 16. Rhd1 Bf8 17. b3 Kg7 18. Kb2 Bc5 19. Bxc5 Nxc5 20. b4 Ne6 21. c5 Nc7 22. Bc4 Be6 23. Ne3 Bxc4 24. Nxc4 Re7 25. Rd8 Rxd8 26. Rxd8 Ne6 27. Rb8 Nd4 28. Na5 b6 29. cxb6 axb6 30. Rxb6 Rc7 31. Rb7 Rc8 32. a4 Nh5 33. Nb3 Nf4 34. Nc5 Nxg2 35. a5 Ne3 36. a6 Nc4+ 37. Ka2 Nd6 38. Rb6 Nc4 39. Rb7 Nd6 40. Rb6 Nxf3 41. Ka3 Nd4 42. Ka4 g5 0-1

[Event "Titled Tuesday intern op 15th Aug Late"]
[Site "Chess.com INT"]
[Date "2023.08.15"]
[Round "7"]
[White "Mazurkiewicz, Michal"]
[Black "Budrewicz, Krzysztof"]
[Result "1/2-1/2"]
[WhiteElo "2145"]
[BlackElo "2184"]
[PlyCount "149"]
[EventDate "2023.08.15"]
[EventType "swiss (blitz)"]
[EventRounds "11"]
[EventCountry "USA"]
[SourceTitle "EXT 2024"]
[Source "ChessBase"]
[SourceDate "2023.10.10"]
[SourceVersion "1"]
[SourceVersionDate "2023.10.10"]
[SourceQuality "1"]

1. e4 e5 2. Nf3 Nc6 3. d3 Nge7 4. g3 Ng6 5. Bg2 Be7 6. 0-0 d6 7. h4 0-0 8. d4 Bg4 9. d5 Nd4 10. c3 Nxf3+ 11. Bxf3 Bh3 12. Bg2 Qd7 13. h5 Nh8 14. f4 Bxg2 15. Kxg2 exf4 16. Bxf4 f5 17. Nd2 Nf7 18. Qc2 fxe4 19. Nxe4 Rae8 20. Rae1 Qg4 21. Qe2 Qxe2+ 22. Rxe2 Bd8 23. Rfe1 h6 24. c4 Ne5 25. Bxe5 Rxe5 26. Nc3 Rxh5 27. Re8 Rhf5 28. Rxf8+ Kxf8 29. Nb5 a6 30. Nd4 Re5 31. Ne6+ Ke7 32. Rxe5 dxe5 33. Nxg7 Kd6 34. Ne6 Bf6 35. Kf3 e4+ 36. Kxe4 Bxb2 37. g4 Bc1 38. c5+ Ke7 39. Nd4 b5 40. Nf5+ Kf6 41. d6 cxd6 42. c6 Ke6 43. Ng7+ Ke7 44. Kd5 Bf4 45. Nf5+ Kd8 46. Nd4 Kc8 47. Ne6 Bh2 48. Nd4 Kc7 49. Nf5 Bf4 50. Ng7 Kb6 51. Ne8 b4 52. Nxd6 a5 53. Nc4+ Kb5 54. Nd6+ Kb6 55. Nc4+ Ka6 56. Ne5 a4 57. Nd3 b3 58. axb3 a3 59. Kc4 Bd6 60. Nc1 Kb6 61. b4 Kxc6 62. Kb3 Bf4 63. Na2 Kd5 64. Kxa3 Ke4 65. Nc3+ Kf3 66. Nd5 Bd6 67. Ka4 Kxg4 68. b5 h5 69. Nf6+ Kg5 70. Nxh5 Kxh5 71. b6 Kg6 72. Kb5 Kf7 73. Kc6 Bf4 74. b7 Ke7 75. b8N 1/2-1/2

[Event "Titled Tuesday intern op 15th Aug Late"]
[Site "Chess.com INT"]
[Date "2023.08.15"]
[Round "5"]
[White "Phillips, Rene"]
[Black "Budrewicz, Krzysztof"]
[Result "0-1"]
[WhiteElo "1852"]
[BlackElo "2184"]
[PlyCount "46"]
[EventDate "2023.08.15"]
[EventType "swiss (blitz)"]
[EventRounds "11"]
[EventCountry "USA"]
[SourceTitle "EXT 2024"]
[Source "ChessBase"]
[SourceDate "2023.10.10"]
[SourceVersion "1"]
[SourceVersionDate "2023.10.10"]
[SourceQuality "1"]

1. d4 g6 2. Bf4 Bg7 3. e3 c5 4. c3 Nc6 5. Nd2 cxd4 6. exd4 Nf6 7. Ngf3 0-0 8. h3 d6 9. Be2 e5 10. Be3 Nd5 11. 0-0 Nxe3 12. fxe3 Bh6 13. Kf2 Re8 14. d5 e4 15. Nd4 Nxd4 16. cxd4 Qh4+ 17. g3 Qxh3 18. Rh1 Bxe3+ 19. Kxe3 Qxg3+ 20. Bf3 exf3+ 21. Kd3 Bf5+ 22. Kc3 Rac8+ 23. Nc4 f2+ 0-1

[Event "Titled Tuesday intern op 08th Aug Early"]
[Site "Chess.com INT"]
[Date "2023.08.08"]
[Round "3"]
[White "Budrewicz, Krzysztof"]
[Black "Molina Carretero, Daniel"]
[Result "1-0"]
[WhiteElo "2184"]
[BlackElo "2189"]
[PlyCount "87"]
[EventDate "2023.08.08"]
[EventType "swiss (blitz)"]
[EventRounds "11"]
[EventCountry "USA"]
[SourceTitle "EXT 2024"]
[Source "ChessBase"]
[SourceDate "2023.10.10"]
[SourceVersion "1"]
[SourceVersionDate "2023.10.10"]
[SourceQuality "1"]

1. d4 Nf6 2. c4 e6 3. Nf3 d5 4. g3 Be7 5. Bg2 0-0 6. 0-0 dxc4 7. Na3 Bxa3 8. bxa3 b5 9. Ne5 Nd5 10. a4 a6 11. Ba3 Re8 12. Qc2 Bb7 13. Rab1 b4 14. Nxc4 bxa3 15. Rxb7 Nc6 16. Rfb1 Nxd4 17. Qd2 c5 18. e3 Nc6 19. Bxd5 Qxd5 20. Qxd5 exd5 21. Nd6 Reb8 22. Nxf7 Rxb7 23. Rxb7 Ra7 24. Rxa7 Nxa7 25. Ne5 c4 26. Kf1 Kf8 27. Ke2 Ke7 28. Kd2 Kd6 29. f4 Nc6 30. Nxc6 Kxc6 31. Kc3 a5 32. Kd4 Kd6 33. g4 Kc6 34. h4 Kd6 35. f5 h5 36. g5 c3 37. Kxc3 Ke5 38. f6 gxf6 39. g6 Ke6 40. Kd4 f5 41. g7 Kf7 42. Kxd5 Kxg7 43. Ke5 Kg6 44. Ke6 1-0